Fr. Conceicao Rodrigues College of Engineering

Five Dollar smile (Record no. 22057)

MARC details
000 -LEADER
fixed length control field 00338nam a2200169Ia 4500
082 ## - DEWEY DECIMAL CLASSIFICATION NUMBER
Classification number 808.83/THA
Item number THA
100 ## - MAIN ENTRY--PERSONAL NAME
Personal name Tharoor/Shashi
245 ## - TITLE STATEMENT
Title Five Dollar smile
260 ## - PUBLICATION, DISTRIBUTION, ETC.
Name of publisher, distributor, etc. Penquin books
Date of publication, distribution, etc. 1990
366 ## - TRADE AVAILABILITY INFORMATION
Publishers's discount category 17.5
300 ## - PHYSICAL DESCRIPTION
Extent 239
546 ## - LANGUAGE NOTE
Language note ENGLISH
650 ## - SUBJECT ADDED ENTRY--TOPICAL TERM
Topical term or geographic name entry element Fiction
654 ## - SUBJECT ADDED ENTRY--FACETED TOPICAL TERMS
Focus term dollar
942 ## - ADDED ENTRY ELEMENTS (KOHA)
Koha item type BOOK
Holdings
Withdrawn status Lost status Damaged status Not for loan Collection Home library Current library Date acquired Source of acquisition Cost, normal purchase price Inventory number Total Checkouts Full call number Barcode Date last seen Cost, replacement price Price effective from Koha item type
        CRC Fr. Agnel's C.Rodrigues College of Engineering Fr. Agnel's C.Rodrigues College of Engineering 17/03/2023 Educational books and periodicals 206.25 258 dt 27/04/2009   808.83/THA THA 19596 17/03/2023 250.00   BOOK